Sozialistisches Weltwirtschaftssystem

Gorde:
Xehetasun bibliografikoak
Erakunde egilea: Institut ekonomiki mirovoi sotsialisticheskoi sistemy
Formatua: Liburua
Hizkuntza:Undetermined
Argitaratua: Berlin Staatsverlag der Deutschen Demokratischen Republik 1968
Gaiak:
Etiketak: Etiketa erantsi
Etiketarik gabe, Izan zaitez lehena erregistro honi etiketa jartzen!
Thư viện lưu trữ: Trung tâm Học liệu Trường Đại học Cần Thơ
LEADER 00601nam a2200181Ia 4500
001 CTU_83415
008 210402s9999 xx 000 0 und d
082 |a 330.917 
082 |b I.59 
110 |a Institut ekonomiki mirovoi sotsialisticheskoi sistemy 
245 0 |a Sozialistisches Weltwirtschaftssystem 
245 0 |c Institut ekonomiki mirovoi sotsialisticheskoi sistemy 
260 |a Berlin 
260 |b Staatsverlag der Deutschen Demokratischen Republik 
260 |c 1968 
650 |a Economic conditions 
904 |i QHieu(sửa) 
980 |a Trung tâm Học liệu Trường Đại học Cần Thơ